[Event "AUT-chT 1718"]
[Site "Austria"]
[Date "2018.04.06"]
[Round "10.6"]
[White "Kavcic, Zan"]
[Black "Glavanich, Johann"]
[Result "1-0"]
[WhiteElo "2295"]
[BlackElo "1817"]
[PlyCount "67"]
[EventDate "2017.11.16"]
[EventType "team-tourn"]
[EventRounds "11"]
[EventCountry "AUT"]
[SourceTitle "EXT 2019"]
[Source "ChessBase"]
[SourceDate "2018.10.10"]
[SourceVersion "1"]
[SourceVersionDate "2018.10.10"]
[SourceQuality "1"]
[WhiteTeam "Raika Feffernitz"]
[BlackTeam "Wulkaprodersdorf"]
[WhiteTeamCountry "AUT"]
[BlackTeamCountry "AUT"]

1. e4 c5 2. Nf3 Nc6 3. Bb5 d6 4. Bxc6+ bxc6 5. 0-0 g6 6. e5 d5 7. h3 e6 8. d3 Bg7 9. c4 Ne7 10. Nc3 Qc7 11. Re1 Nf5 12. Na4 Nd4 13. Bf4 Nxf3+ 14. Qxf3 Qe7 15. b3 0-0 16. Qg3 Re8 17. Be3 d4 18. Bc1 f6 19. f4 fxe5 20. fxe5 Rf8 21. Ba3 Rf5 22. Bxc5 Qd8 23. Re4 Qc7 24. Rae1 Bb7 25. Bd6 Qa5 26. Nc5 Qxa2 27. Nxb7 Qxb3 28. Nc5 Qc3 29. Nxe6 Bh6 30. Nxd4 Rg5 31. Qf3 Qd2 32. R4e2 Qc3 33. Nxc6 Bf8 34. Ne7+ 1-0